[Event "DVM U16 2021"]
[Site "Kiel GER"]
[Date "2022.07.24"]
[Round "4"]
[White "Berresheim, Nils"]
[Black "Mainka, Ingmar"]
[Result "1-0"]
[Termination "normal"]
[Board "5.3"]
[WhiteElo "1730"]
[BlackElo "1432"]
[WhiteClock "00:22:47"]
[BlackClock "01:08:08"]
[WhiteTeam "Schachfreunde Essen-Katernberg 04/32 e. V."]
[BlackTeam "DJK Arminia Eilendorf 1919 e. V."]
[PlyCount "85"]
[WhiteFideId "16246306"]
[BlackFideId "16254937"]
[EventCountry "GER"]
[EventRounds "7"]
[EventType "team-swiss"]
[EventDate "2022.07.22"]

1. d4 {[%clk 01:30:57]} {[%emt 00:00:04]} Nf6 {[%clk 01:30:54]} {[%emt
00:00:05]} 2. c4 {[%clk 01:31:20]} {[%emt 00:00:09]} g6 {[%clk 01:31:18]}
{[%emt 00:00:04]} 3. Nc3 {[%clk 01:31:29]} {[%emt 00:00:20]} d5 {[%clk
01:31:41]} {[%emt 00:00:08]} 4. cxd5 {[%clk 01:31:49]} {[%emt 00:00:10]} Nxd5
{[%clk 01:32:06]} {[%emt 00:00:04]} 5. e4 {[%clk 01:31:43]} {[%emt 00:00:36]}
Nxc3 {[%clk 01:32:32]} {[%emt 00:00:05]} 6. bxc3 {[%clk 01:32:04]} {[%emt
00:00:09]} Bg7 {[%clk 01:32:58]} {[%emt 00:00:04]} 7. Nf3 {[%clk 01:31:56]}
{[%emt 00:00:38]} c5 {[%clk 01:33:18]} {[%emt 00:00:10]} 8. h3 {[%clk
01:31:49]} {[%emt 00:00:37]} Nc6 {[%clk 01:33:37]} {[%emt 00:00:10]} 9. Be3
{[%clk 01:30:43]} {[%emt 00:01:36]} O-O {[%clk 01:34:00]} {[%emt 00:00:07]} 10.
Be2 {[%clk 01:29:46]} {[%emt 00:01:27]} Qa5 {[%clk 01:33:52]} {[%emt 00:00:38]}
11. Bd2 {[%clk 01:28:41]} {[%emt 00:01:35]} Qa3 {[%clk 01:33:50]} {[%emt
00:00:32]} 12. d5 {[%clk 01:26:05]} {[%emt 00:03:06]} Ne5 {[%clk 01:32:29]}
{[%emt 00:01:51]} 13. c4 {[%clk 01:24:24]} {[%emt 00:02:12]} Nxf3+ {[%clk
01:30:28]} {[%emt 00:02:31]} 14. Bxf3 {[%clk 01:22:27]} {[%emt 00:02:27]} Bxa1
{[%clk 01:30:31]} {[%emt 00:00:27]} 15. Qxa1 {[%clk 01:22:36]} {[%emt
00:00:21]} f6 {[%clk 01:30:51]} {[%emt 00:00:10]} 16. O-O {[%clk 01:19:52]}
{[%emt 00:03:13]} Qd3 {[%clk 01:29:17]} {[%emt 00:02:05]} 17. Bh6 {[%clk
01:18:10]} {[%emt 00:02:11]} Rf7 {[%clk 01:29:34]} {[%emt 00:00:14]} 18. e5
{[%clk 01:12:20]} {[%emt 00:06:20]} fxe5 {[%clk 01:21:06]} {[%emt 00:08:57]}
19. Qxe5 {[%clk 01:10:22]} {[%emt 00:02:28]} Qxc4 {[%clk 01:19:13]} {[%emt
00:02:23]} 20. d6 {[%clk 01:03:01]} {[%emt 00:07:50]} Qe6 {[%clk 01:18:37]}
{[%emt 00:01:07]} 21. Qxe6 {[%clk 00:51:41]} {[%emt 00:11:50]} Bxe6 {[%clk
01:18:57]} {[%emt 00:00:10]} 22. Re1 {[%clk 00:50:50]} {[%emt 00:01:21]} Bxa2
{[%clk 01:16:17]} {[%emt 00:03:10]} 23. Bxb7 {[%clk 00:48:56]} {[%emt
00:02:25]} Rd8 {[%clk 01:13:21]} {[%emt 00:03:25]} 24. dxe7 {[%clk 00:48:18]}
{[%emt 00:01:08]} Re8 {[%clk 01:13:42]} {[%emt 00:00:08]} 25. Bg5 {[%clk
00:46:53]} {[%emt 00:01:55]} Rf5 {[%clk 01:12:42]} {[%emt 00:01:31]} 26. Bc6
{[%clk 00:43:31]} {[%emt 00:03:52]} Kf7 {[%clk 01:13:05]} {[%emt 00:00:07]} 27.
Bxe8+ {[%clk 00:41:44]} {[%emt 00:02:17]} Kxe8 {[%clk 01:13:29]} {[%emt
00:00:06]} 28. h4 {[%clk 00:40:31]} {[%emt 00:01:42]} a6 {[%clk 01:11:43]}
{[%emt 00:02:16]} 29. Ra1 {[%clk 00:37:07]} {[%emt 00:03:55]} Bc4 {[%clk
01:12:03]} {[%emt 00:00:09]} 30. Rb1 {[%clk 00:36:40]} {[%emt 00:00:58]} Bb5
{[%clk 01:12:02]} {[%emt 00:00:32]} 31. Rd1 {[%clk 00:36:25]} {[%emt 00:00:43]}
Rxg5 {[%clk 01:07:06]} {[%emt 00:05:27]} 32. hxg5 {[%clk 00:35:53]} {[%emt
00:01:02]} Kxe7 {[%clk 01:07:31]} {[%emt 00:00:05]} 33. Rd5 {[%clk 00:34:19]}
{[%emt 00:02:03]} c4 {[%clk 01:07:51]} {[%emt 00:00:11]} 34. f4 {[%clk
00:32:05]} {[%emt 00:02:44]} Ke6 {[%clk 01:07:53]} {[%emt 00:00:28]} 35. Re5+
{[%clk 00:31:43]} {[%emt 00:00:52]} Kd6 {[%clk 01:08:18]} {[%emt 00:00:05]} 36.
Kf2 {[%clk 00:31:00]} {[%emt 00:01:12]} Bc6 {[%clk 01:06:37]} {[%emt 00:02:12]}
37. g3 {[%clk 00:29:53]} {[%emt 00:01:36]} Bd5 {[%clk 01:06:59]} {[%emt
00:00:09]} 38. Ke3 {[%clk 00:28:24]} {[%emt 00:01:58]} Kc5 {[%clk 01:07:24]}
{[%emt 00:00:06]} 39. g4 {[%clk 00:26:03]} {[%emt 00:02:50]} a5 {[%clk
01:07:37]} {[%emt 00:00:18]} 40. f5 {[%clk 00:24:41]} {[%emt 00:01:52]} Kd6
{[%clk 01:07:33]} {[%emt 00:00:34]} 41. Rxd5+ {[%clk 00:22:14]} {[%emt
00:02:58]} Kxd5 {[%clk 01:07:48]} {[%emt 00:00:13]} 42. f6 {[%clk 00:22:38]}
{[%emt 00:00:06]} Ke6 {[%clk 01:08:08]} {[%emt 00:00:10]} 43. Kd4 {[%clk
00:22:47]} {[%emt 00:00:22]} 1-0

[Event "DVM U16 2021"]
[Site "Kiel GER"]
[Date "2022.07.24"]
[Round "4"]
[White "Sassenscheidt, Julius"]
[Black "Rasch, Lukas"]
[Result "0-1"]
[Termination "normal"]
[Board "5.4"]
[WhiteElo "1383"]
[BlackElo "1617"]
[WhiteClock "00:02:03"]
[BlackClock "00:00:47"]
[WhiteTeam "DJK Arminia Eilendorf 1919 e. V."]
[BlackTeam "Schachfreunde Essen-Katernberg 04/32 e. V."]
[PlyCount "46"]
[WhiteFideId "16258509"]
[BlackFideId "16272072"]
[EventCountry "GER"]
[EventRounds "7"]
[EventType "team-swiss"]
[EventDate "2022.07.22"]

1. d4 {[%clk 01:30:53]} {[%emt 00:00:06]} Nf6 {[%clk 01:30:36]} {[%emt
00:00:25]} 2. Bg5 {[%clk 01:30:28]} {[%emt 00:00:54]} Ne4 {[%clk 01:30:14]}
{[%emt 00:00:52]} 3. Nf3 {[%clk 01:25:52]} {[%emt 00:05:06]} d5 {[%clk
01:26:44]} {[%emt 00:04:00]} 4. c4 {[%clk 01:22:43]} {[%emt 00:03:40]} Nc6
{[%clk 01:03:34]} {[%emt 00:23:39]} 5. e3 {[%clk 01:14:25]} {[%emt 00:08:49]}
Bg4 {[%clk 00:56:30]} {[%emt 00:07:33]} 6. Bf4 {[%clk 01:06:37]} {[%emt
00:08:18]} e5 {[%clk 00:50:46]} {[%emt 00:06:15]} 7. dxe5 {[%clk 00:44:05]}
{[%emt 00:23:01]} Bb4+ {[%clk 00:48:47]} {[%emt 00:02:27]} 8. Ke2 {[%clk
00:41:49]} {[%emt 00:02:49]} Qh4 {[%clk 00:30:55]} {[%emt 00:18:21]} 9. g3
{[%clk 00:25:28]} {[%emt 00:16:52]} Bxf3+ {[%clk 00:16:08]} {[%emt 00:15:16]}
10. Kxf3 {[%clk 00:24:49]} {[%emt 00:01:09]} Qh5+ {[%clk 00:14:41]} {[%emt
00:01:57]} 11. g4 {[%clk 00:24:46]} {[%emt 00:00:34]} Qg6 {[%clk 00:00:36]}
{[%emt 00:14:35]} 12. Qxd5 {[%clk 00:20:47]} {[%emt 00:04:29]} Ng5+ {[%clk
00:00:38]} {[%emt 00:00:28]} 13. Bxg5 {[%clk 00:18:15]} {[%emt 00:03:01]} Qxg5
{[%emt 00:00:08]} 14. a3 {[%clk 00:16:02]} {[%emt 00:02:42]} Nxe5+ {[%clk
00:00:41]} {[%emt 00:00:50]} 15. Ke4 {[%clk 00:12:55]} {[%emt 00:03:37]} Bd6
{[%clk 00:00:43]} {[%emt 00:00:27]} 16. Be2 {[%clk 00:10:31]} {[%emt 00:02:55]}
O-O {[%emt 00:00:38]} 17. f4 {[%clk 00:09:54]} {[%emt 00:01:06]} Qg6+ {[%clk
00:00:49]} {[%emt 00:00:16]} 18. f5 {[%clk 00:09:05]} {[%emt 00:01:20]} Qf6
{[%clk 00:00:44]} {[%emt 00:00:35]} 19. c5 {[%clk 00:05:58]} {[%emt 00:03:37]}
Rfe8 {[%clk 00:00:37]} {[%emt 00:00:36]} 20. cxd6 {[%clk 00:05:16]} {[%emt
00:01:13]} Nxg4+ {[%clk 00:00:33]} {[%emt 00:00:34]} 21. Kf3 {[%clk 00:02:36]}
{[%emt 00:03:09]} Rxe3+ {[%clk 00:00:41]} {[%emt 00:00:22]} 22. Kxg4 {[%clk
00:02:37]} {[%emt 00:00:30]} h5+ {[%clk 00:00:47]} {[%emt 00:00:24]} 23. Kf4
{[%clk 00:02:03]} Qh6# {[%clk 00:00:47]} 0-1

[Event "DVM U16 2021"]
[Site "Kiel GER"]
[Date "2022.07.24"]
[Round "4"]
[White "Gutewort, Paul Emil"]
[Black "Lauterbach, Kolja"]
[Result "1/2-1/2"]
[Termination "normal"]
[Board "6.2"]
[WhiteElo "1702"]
[BlackElo "1663"]
[WhiteClock "00:11:58"]
[BlackClock "00:30:54"]
[WhiteTeam "Schachfreunde Nordost Berlin"]
[BlackTeam "SK Freiburg-Zähringen 1887 e.V."]
[PlyCount "86"]
[WhiteFideId "16204182"]
[BlackFideId "16235916"]
[EventCountry "GER"]
[EventRounds "7"]
[EventType "team-swiss"]
[EventDate "2022.07.22"]

1. c4 {[%clk 01:30:58]} f5 {[%clk 01:30:55]} {[%emt 00:00:06]} 2. g3 {[%clk
01:31:24]} {[%emt 00:00:05]} Nf6 {[%clk 01:31:21]} {[%emt 00:00:04]} 3. Bg2
{[%clk 01:31:49]} {[%emt 00:00:05]} g6 {[%clk 01:31:47]} {[%emt 00:00:05]} 4.
Nc3 {[%clk 01:31:51]} {[%emt 00:00:26]} Bg7 {[%clk 01:32:08]} {[%emt 00:00:10]}
5. e3 {[%clk 01:31:08]} {[%emt 00:01:12]} O-O {[%clk 01:32:31]} {[%emt
00:00:07]} 6. Nge2 {[%clk 01:30:57]} {[%emt 00:00:41]} d6 {[%clk 01:32:36]}
{[%emt 00:00:24]} 7. d4 {[%clk 01:30:42]} {[%emt 00:00:46]} e5 {[%clk
01:32:44]} {[%emt 00:00:22]} 8. O-O {[%clk 01:30:44]} {[%emt 00:00:28]} c6
{[%clk 01:31:10]} {[%emt 00:02:04]} 9. Rb1 {[%clk 01:27:16]} {[%emt 00:03:58]}
Qe8 {[%clk 01:28:53]} {[%emt 00:02:46]} 10. b4 {[%clk 01:26:13]} {[%emt
00:01:33]} Nh5 {[%clk 01:28:11]} {[%emt 00:01:13]} 11. Qb3 {[%clk 01:24:01]}
{[%emt 00:02:41]} Kh8 {[%clk 01:27:51]} {[%emt 00:00:51]} 12. b5 {[%clk
01:23:45]} {[%emt 00:00:46]} g5 {[%clk 01:27:35]} {[%emt 00:00:46]} 13. dxe5
{[%clk 01:16:04]} {[%emt 00:08:11]} dxe5 {[%clk 01:27:55]} {[%emt 00:00:10]}
14. bxc6 {[%clk 01:13:40]} {[%emt 00:02:54]} bxc6 {[%clk 01:26:33]} {[%emt
00:01:53]} 15. Nb5 {[%clk 01:11:02]} {[%emt 00:03:07]} Na6 {[%clk 01:23:35]}
{[%emt 00:03:28]} 16. Nd6 {[%clk 01:05:57]} {[%emt 00:05:34]} Qg6 {[%clk
01:21:01]} {[%emt 00:03:04]} 17. Nxc8 {[%clk 01:01:52]} {[%emt 00:04:36]} Raxc8
{[%clk 01:19:50]} {[%emt 00:01:41]} 18. Qc2 {[%clk 00:59:08]} {[%emt 00:03:14]}
Qf7 {[%clk 01:10:44]} {[%emt 00:09:36]} 19. Ba3 {[%clk 00:50:59]} {[%emt
00:08:38]} Rg8 {[%clk 01:09:57]} {[%emt 00:01:17]} 20. e4 {[%clk 00:43:33]}
{[%emt 00:07:56]} f4 {[%clk 01:10:02]} {[%emt 00:00:26]} 21. f3 {[%clk
00:43:58]} {[%emt 00:00:05]} Qe6 {[%clk 01:06:41]} {[%emt 00:03:51]} 22. g4
{[%clk 00:43:20]} {[%emt 00:01:08]} Nf6 {[%clk 01:06:50]} {[%emt 00:00:21]} 23.
Rb7 {[%clk 00:42:46]} {[%emt 00:01:03]} Rc7 {[%clk 01:05:44]} {[%emt 00:01:36]}
24. Rfb1 {[%clk 00:42:37]} {[%emt 00:00:39]} Qd7 {[%clk 01:04:05]} {[%emt
00:02:10]} 25. Rxc7 {[%clk 00:42:12]} {[%emt 00:00:55]} Qxc7 {[%clk 01:04:27]}
{[%emt 00:00:07]} 26. Bf1 {[%clk 00:39:47]} {[%emt 00:02:55]} Bf8 {[%clk
01:03:59]} {[%emt 00:00:58]} 27. Bxf8 {[%clk 00:38:35]} {[%emt 00:01:42]} Rxf8
{[%clk 01:04:23]} {[%emt 00:00:07]} 28. Nc1 {[%clk 00:36:36]} {[%emt 00:02:29]}
Nc5 {[%clk 01:04:16]} {[%emt 00:00:37]} 29. Qc3 {[%clk 00:31:05]} {[%emt
00:06:01]} Nfd7 {[%clk 01:01:32]} {[%emt 00:03:14]} 30. Bd3 {[%clk 00:29:40]}
{[%emt 00:01:54]} Qd6 {[%clk 00:55:23]} {[%emt 00:06:39]} 31. Qc2 {[%clk
00:25:43]} {[%emt 00:04:27]} Qd4+ {[%clk 00:51:07]} {[%emt 00:04:47]} 32. Kg2
{[%clk 00:25:44]} {[%emt 00:00:29]} Rf6 {[%clk 00:51:24]} {[%emt 00:00:13]} 33.
Be2 {[%clk 00:24:52]} {[%emt 00:01:21]} Rd6 {[%clk 00:50:08]} {[%emt 00:01:46]}
34. Nb3 {[%clk 00:24:12]} {[%emt 00:01:10]} Qe3 {[%clk 00:49:21]} {[%emt
00:01:17]} 35. Rd1 {[%clk 00:22:24]} {[%emt 00:02:18]} Rxd1 {[%clk 00:38:42]}
{[%emt 00:11:10]} 36. Qxd1 {[%clk 00:22:41]} {[%emt 00:00:13]} Nxb3 {[%clk
00:38:17]} {[%emt 00:00:55]} 37. axb3 {[%clk 00:21:53]} {[%emt 00:01:17]} Qd4
{[%clk 00:38:36]} {[%emt 00:00:11]} 38. Qc2 {[%clk 00:18:37]} {[%emt 00:03:46]}
Nc5 {[%clk 00:35:04]} {[%emt 00:04:01]} 39. b4 {[%clk 00:15:44]} {[%emt
00:03:24]} Ne6 {[%clk 00:35:18]} {[%emt 00:00:17]} 40. b5 {[%clk 00:13:48]}
{[%emt 00:02:26]} cxb5 {[%clk 00:35:37]} {[%emt 00:00:10]} 41. cxb5 {[%clk
00:14:11]} {[%emt 00:00:07]} Qc5 {[%clk 00:35:59]} {[%emt 00:00:09]} 42. Qb3
{[%clk 00:12:23]} {[%emt 00:02:17]} Nd4 {[%clk 00:35:09]} {[%emt 00:01:21]} 43.
Qf7 {[%clk 00:11:58]} {[%emt 00:00:54]} Nxe2 {[%clk 00:30:54]} {[%emt
00:04:46]} 1/2-1/2

[Event "DVM U16 2021"]
[Site "Kiel GER"]
[Date "2022.07.24"]
[Round "4"]
[White "Miller, Konstantin"]
[Black "Duduka, Artem"]
[Result "1/2-1/2"]
[Termination "normal"]
[Board "6.3"]
[WhiteElo "1790"]
[BlackElo "1566"]
[WhiteClock "00:16:50"]
[BlackClock "00:57:34"]
[WhiteTeam "SK Freiburg-Zähringen 1887 e.V."]
[BlackTeam "Schachfreunde Nordost Berlin"]
[PlyCount "72"]
[WhiteFideId "34628380"]
[BlackFideId "14194805"]
[EventCountry "GER"]
[EventRounds "7"]
[EventType "team-swiss"]
[EventDate "2022.07.22"]

1. e4 {[%clk 01:30:57]} {[%emt 00:00:03]} e5 {[%clk 01:30:56]} {[%emt
00:00:05]} 2. Nf3 {[%clk 01:31:20]} {[%emt 00:00:06]} Nc6 {[%clk 01:31:21]}
{[%emt 00:00:06]} 3. Bc4 {[%clk 01:31:44]} {[%emt 00:00:07]} Be7 {[%clk
01:31:16]} {[%emt 00:00:32]} 4. O-O {[%clk 01:31:49]} {[%emt 00:00:26]} Nf6
{[%clk 01:31:40]} {[%emt 00:00:06]} 5. Re1 {[%clk 01:30:40]} {[%emt 00:01:39]}
O-O {[%clk 01:31:39]} {[%emt 00:00:31]} 6. c3 {[%clk 01:30:26]} {[%emt
00:00:44]} d6 {[%clk 01:31:00]} {[%emt 00:01:09]} 7. h3 {[%clk 01:30:39]}
{[%emt 00:00:16]} h6 {[%clk 01:31:15]} {[%emt 00:00:16]} 8. d4 {[%clk
01:30:58]} {[%emt 00:00:12]} Kh8 {[%clk 01:30:00]} {[%emt 00:01:45]} 9. Bb3
{[%clk 01:29:56]} {[%emt 00:01:32]} Nh7 {[%clk 01:28:15]} {[%emt 00:02:14]} 10.
Bd5 {[%clk 01:21:24]} {[%emt 00:09:01]} exd4 {[%clk 01:26:10]} {[%emt
00:02:36]} 11. Bxc6 {[%clk 01:21:20]} {[%emt 00:00:34]} bxc6 {[%clk 01:26:35]}
{[%emt 00:00:05]} 12. cxd4 {[%clk 01:21:37]} {[%emt 00:00:13]} f5 {[%clk
01:24:56]} {[%emt 00:02:09]} 13. exf5 {[%clk 01:16:20]} {[%emt 00:05:47]} Bxf5
{[%clk 01:24:42]} {[%emt 00:00:44]} 14. Nbd2 {[%clk 01:16:06]} {[%emt
00:00:43]} Qd7 {[%clk 01:23:21]} {[%emt 00:01:51]} 15. Nf1 {[%clk 01:14:24]}
{[%emt 00:02:13]} Rae8 {[%clk 01:18:05]} {[%emt 00:05:45]} 16. Kh2 {[%clk
01:10:52]} {[%emt 00:04:03]} Bf6 {[%clk 01:16:36]} {[%emt 00:01:59]} 17. Ne3
{[%clk 01:08:54]} {[%emt 00:02:28]} Bg6 {[%clk 01:15:26]} {[%emt 00:01:40]} 18.
b3 {[%clk 01:07:52]} {[%emt 00:01:33]} Ng5 {[%clk 01:13:49]} {[%emt 00:02:05]}
19. Nxg5 {[%clk 00:59:44]} {[%emt 00:08:38]} Bxg5 {[%clk 01:14:08]} {[%emt
00:00:12]} 20. Rf1 {[%clk 00:56:31]} {[%emt 00:03:43]} c5 {[%emt 00:11:26]} 21.
Ng4 {[%clk 00:52:23]} Bxc1 {[%clk 01:07:54]} {[%emt 00:00:26]} 22. Rxc1 {[%clk
00:52:41]} {[%emt 00:00:12]} cxd4 {[%clk 01:07:46]} {[%emt 00:00:38]} 23. Qxd4
{[%clk 00:52:32]} {[%emt 00:00:38]} Kh7 {[%clk 01:03:37]} {[%emt 00:04:39]} 24.
Qxa7 {[%clk 00:51:09]} {[%emt 00:01:54]} Ra8 {[%clk 01:03:23]} {[%emt
00:00:43]} 25. Qxc7 {[%clk 00:51:06]} {[%emt 00:00:34]} Qxc7 {[%clk 01:03:47]}
{[%emt 00:00:06]} 26. Rxc7 {[%clk 00:51:31]} {[%emt 00:00:05]} Rxa2 {[%clk
01:04:02]} 27. f3 {[%clk 00:50:26]} {[%emt 00:01:50]} h5 {[%clk 01:03:36]}
{[%emt 00:00:55]} 28. Ne3 {[%clk 00:48:02]} {[%emt 00:02:54]} Bd3 {[%clk
01:01:44]} {[%emt 00:02:23]} 29. Rd1 {[%clk 00:48:00]} {[%emt 00:00:32]} Be2
{[%clk 01:01:33]} {[%emt 00:00:41]} 30. Rxd6 {[%clk 00:48:20]} {[%emt
00:00:10]} Bxf3 {[%clk 01:01:51]} {[%emt 00:00:11]} 31. Rdd7 {[%clk 00:48:30]}
{[%emt 00:00:19]} Rg8 {[%clk 01:01:59]} {[%emt 00:00:22]} 32. h4 {[%clk
00:33:18]} {[%emt 00:15:43]} Rb2 {[%clk 01:00:03]} {[%emt 00:02:25]} 33. b4
{[%clk 00:29:42]} {[%emt 00:04:08]} Be4 {[%clk 00:58:58]} {[%emt 00:01:34]} 34.
Rd4 {[%clk 00:29:36]} {[%emt 00:00:37]} Re8 {[%clk 00:58:44]} {[%emt 00:00:44]}
35. Rdd7 {[%clk 00:24:58]} {[%emt 00:05:08]} Rg8 {[%clk 00:59:05]} {[%emt
00:00:09]} 36. Rc5 {[%clk 00:16:50]} {[%emt 00:08:38]} Kh6 {[%clk 00:57:34]}
{[%emt 00:02:01]} 1/2-1/2

[Event "DVM U16 2021"]
[Site "Kiel GER"]
[Date "2022.07.24"]
[Round "4"]
[White "Beck, Felix"]
[Black "Miller, Lysander"]
[Result "1-0"]
[Termination "normal"]
[Board "6.4"]
[WhiteElo "1501"]
[BlackElo "1625"]
[WhiteClock "00:05:10"]
[BlackClock "00:57:12"]
[WhiteTeam "Schachfreunde Nordost Berlin"]
[BlackTeam "SK Freiburg-Zähringen 1887 e.V."]
[PlyCount "77"]
[WhiteFideId "16255364"]
[BlackFideId "34628398"]
[EventCountry "GER"]
[EventRounds "7"]
[EventType "team-swiss"]
[EventDate "2022.07.22"]

1. c4 {[%clk 01:30:57]} {[%emt 00:00:05]} Nf6 {[%clk 01:30:53]} {[%emt
00:00:06]} 2. g3 {[%clk 01:31:16]} {[%emt 00:00:10]} e5 {[%clk 01:31:17]}
{[%emt 00:00:06]} 3. Bg2 {[%clk 01:31:34]} {[%emt 00:00:13]} Nc6 {[%clk
01:31:42]} {[%emt 00:00:03]} 4. Nc3 {[%clk 01:31:51]} {[%emt 00:00:14]} Bb4
{[%clk 01:31:52]} {[%emt 00:00:20]} 5. e3 {[%clk 01:31:35]} {[%emt 00:00:46]}
d6 {[%clk 01:32:11]} {[%emt 00:00:11]} 6. Nge2 {[%clk 01:31:20]} {[%emt
00:00:45]} Be6 {[%clk 01:32:18]} {[%emt 00:00:22]} 7. d3 {[%clk 01:31:09]}
{[%emt 00:00:42]} O-O {[%clk 01:32:30]} {[%emt 00:00:18]} 8. a3 {[%clk
01:31:19]} {[%emt 00:00:20]} Bxc3+ {[%clk 01:32:27]} {[%emt 00:00:33]} 9. Nxc3
{[%clk 01:31:35]} {[%emt 00:00:14]} Qd7 {[%clk 01:32:42]} {[%emt 00:00:14]} 10.
O-O {[%clk 01:30:30]} {[%emt 00:01:36]} a5 {[%clk 01:32:47]} {[%emt 00:00:24]}
11. e4 {[%clk 01:17:01]} {[%emt 00:14:00]} Bh3 {[%clk 01:32:26]} {[%emt
00:00:50]} 12. f4 {[%clk 01:16:02]} {[%emt 00:01:30]} Bxg2 {[%clk 01:31:00]}
{[%emt 00:01:56]} 13. Kxg2 {[%clk 01:16:22]} {[%emt 00:00:10]} exf4 {[%clk
01:30:58]} {[%emt 00:00:32]} 14. Bxf4 {[%clk 01:10:53]} {[%emt 00:06:00]} Rfe8
{[%clk 01:28:02]} {[%emt 00:03:25]} 15. h3 {[%clk 01:09:45]} {[%emt 00:01:38]}
Kh8 {[%clk 01:22:42]} {[%emt 00:05:50]} 16. Bg5 {[%clk 01:06:47]} {[%emt
00:03:28]} Qe6 {[%clk 01:22:06]} {[%emt 00:01:05]} 17. Bxf6 {[%clk 01:06:15]}
{[%emt 00:01:03]} gxf6 {[%clk 01:22:30]} {[%emt 00:00:06]} 18. Nd5 {[%clk
01:06:07]} {[%emt 00:00:38]} Qe5 {[%clk 01:21:27]} {[%emt 00:01:32]} 19. Nxf6
{[%clk 00:34:13]} {[%emt 00:32:25]} Re6 {[%clk 01:21:28]} {[%emt 00:00:28]} 20.
Nd5 {[%clk 00:34:18]} {[%emt 00:00:26]} Rg6 {[%clk 01:21:31]} {[%emt 00:00:27]}
21. Nf4 {[%clk 00:32:40]} {[%emt 00:02:08]} Rg7 {[%clk 01:19:27]} {[%emt
00:02:33]} 22. Nh5 {[%clk 00:18:46]} {[%emt 00:14:25]} Rg5 {[%clk 01:19:02]}
{[%emt 00:00:54]} 23. g4 {[%clk 00:18:21]} {[%emt 00:00:56]} Rag8 {[%clk
01:09:18]} {[%emt 00:10:13]} 24. Kh1 {[%clk 00:15:18]} {[%emt 00:03:33]} Qxb2
{[%clk 01:07:27]} {[%emt 00:02:21]} 25. Qf3 {[%clk 00:14:43]} {[%emt 00:01:06]}
f5 {[%clk 01:02:28]} {[%emt 00:05:28]} 26. exf5 {[%clk 00:14:57]} {[%emt
00:00:17]} Nd4 {[%clk 01:02:09]} {[%emt 00:00:48]} 27. Qf2 {[%clk 00:14:41]}
{[%emt 00:00:47]} Ne2 {[%clk 01:01:26]} {[%emt 00:01:12]} 28. Nf4 {[%clk
00:10:09]} {[%emt 00:05:03]} Rxf5 {[%clk 00:57:41]} {[%emt 00:04:15]} 29. Qxe2
{[%clk 00:10:09]} {[%emt 00:00:30]} Qxe2 {[%clk 00:57:40]} {[%emt 00:00:30]}
30. Nxe2 {[%clk 00:10:38]} {[%emt 00:00:02]} Re5 {[%clk 00:57:19]} {[%emt
00:00:50]} 31. Nf4 {[%clk 00:10:24]} {[%emt 00:00:45]} Rge8 {[%clk 00:56:57]}
{[%emt 00:00:51]} 32. Rab1 {[%clk 00:09:54]} {[%emt 00:01:01]} b6 {[%clk
00:57:19]} {[%emt 00:00:07]} 33. Rb5 {[%clk 00:09:50]} {[%emt 00:00:35]} Re3
{[%clk 00:57:20]} {[%emt 00:00:29]} 34. Kg2 {[%clk 00:08:06]} {[%emt 00:02:14]}
Kg7 {[%clk 00:57:14]} {[%emt 00:00:35]} 35. Rf5 {[%clk 00:08:04]} {[%emt
00:00:32]} h6 {[%clk 00:56:58]} {[%emt 00:00:47]} 36. h4 {[%clk 00:07:09]}
{[%emt 00:01:25]} Kg8 {[%clk 00:56:43]} {[%emt 00:00:45]} 37. g5 {[%clk
00:06:43]} {[%emt 00:00:57]} hxg5 {[%clk 00:56:50]} {[%emt 00:00:22]} 38. hxg5
{[%clk 00:06:12]} {[%emt 00:01:01]} Kg7 {[%clk 00:57:12]} {[%emt 00:00:07]} 39.
g6 {[%clk 00:05:10]} {[%emt 00:01:33]} 1-0